Los decretos del Vaticano en relación con los deberes civiles / (Record no. 181275)
[ view plain ]
| 000 -LEADER | |
|---|---|
| campo de control de longitud fija | 00508nam a2200145 i 4500 |
| 001 - NÚMERO DE CONTROL | |
| campo de control | 181275 |
| 003 - IDENTIFICADOR DE NÚMERO DE CONTROL | |
| campo de control | ES-MaACL |
| 005 - FECHA Y HORA DE LA ÚLTIMA TRANSACCIÓN | |
| campo de control | 20230906221322.0 |
| 008 - DATOS DE LONGITUD FIJA--INFORMACIÓN GENERAL | |
| campo de control de longitud fija | 121129d18501899sp |||| | spa d |
| 100 1# - ENTRADA PRINCIPAL--NOMBRE DE PERSONA | |
| Nombre de persona | Gladstone, Willian Ewart. |
| 9 (RLIN) | 127343 |
| 245 10 - MENCIÓN DEL TÍTULO | |
| Título | Los decretos del Vaticano en relación con los deberes civiles / |
| Mención de responsabilidad, etc. | por W. E. Gladstone. |
| 260 ## - PUBLICACIÓN, DISTRIBUCIÓN, ETC. | |
| Lugar de publicación, distribución, etc. | Madrid : [s.n., 18-?] ( |
| Fabricante | Se halla en la administración de " La bandera de la reforma ") |
| 300 ## - DESCRIPCIÓN FÍSICA | |
| Extensión | 47 p. ; |
| Dimensiones | 21 cm. |
| 852 ## - LOCALIZACIÓN | |
| Ubicación | ES-MaACL |
| Número de control de estantería | T-425-F-16 |
| Estatus retirado | Estado de pérdida | Estado de daño | No para préstamo | Colección | Biblioteca de origen | Biblioteca actual | Ubicación en estantería | Fecha de adquisición | Fuente de adquisición | Total de préstamos | Signatura topográfica completa | Código de barras | Visto por última vez | Precio de reemplazo | Tipo de ítem Koha |
|---|---|---|---|---|---|---|---|---|---|---|---|---|---|---|---|
| Colección de folletos | Biblioteca del Ateneo de Madrid | Biblioteca del Ateneo de Madrid | Depósito folletos | 29/11/2012 | T-425-F-16 | 1190497 | 23/02/2023 | 23/02/2023 | Folleto |
